00560nam a22001457a 4500003000500000005001700005008004100022050003000063100003100093245012200124260009100246300004100337521001500378650002100393PILC20150305145422.0150305b xxu||||| |||| 00| 0 eng d aBF 698.35.E54b.Or65 2014 aOrdinario, Wynchell Dyn M. aSelf-acceptance and life values profile of Single Middle-Aged Women in Las Piñas City /cWynchell Dyn M. Ordinario. aLas Piñas City, Philippines :bSouthville International School and Colleges,cc2014. a105 pages :billustrations ;c28 cm. aPsychology aSelf acceptance.